Risk, Bias, and Retirement: Behavioural Drivers of Pension Savings in Slovakia
Na minha lista:
| Autor principal: | |
|---|---|
| Outros Autores: | |
| Formato: | Capítulo de Livro |
| Idioma: | inglês |
| Assuntos: | |
| Tags: |
Sem tags, seja o primeiro a adicionar uma tag!
|
MARC
| LEADER | 00000naa a2200000 4500 | ||
|---|---|---|---|
| 001 | 0314150 | ||
| 005 | 20260120100607.3 | ||
| 041 | 0 | |a eng | |
| 044 | |a GB | ||
| 245 | 1 | 0 | |a Risk, Bias, and Retirement: Behavioural Drivers of Pension Savings in Slovakia |c Estera Szakadátová, Anetta Čaplánová |
| 500 | |a Abstrakt | ||
| 610 | 2 | 0 | |a predvídanie |
| 610 | 2 | 0 | |a behaviorizmus |
| 610 | 2 | 0 | |a správanie |
| 610 | 2 | 0 | |a investori |
| 610 | 2 | 0 | |a investovanie |
| 610 | 2 | 0 | |a investovanie kolektívne |
| 610 | 2 | 0 | |a Slovensko |
| 610 | 2 | 0 | |a sporenie dôchodkové |
| 610 | 2 | 0 | |a sporenie dôchodkové doplnkové |
| 610 | 2 | 0 | |a sporenie dôchodkové starobné |
| 610 | 2 | 0 | |a politika verejná |
| 100 | 1 | |a Szakadátová, Estera, 1998- | |
| 700 | 1 | |a Čaplánová, Anetta, 1967- | |